01020nam a2200229 a 450000100060000000300080000600500170001400800410003103500190007204000440009104100130013508200240014810000440017224501670021625000220038326000900040530000320049565000620052770000620058970000600065183000790071151235BD-RjUL20211209075629.0160830s1965 enka 000 0 eng  a(BD-RjUL)51355 aDLCcTxU-DadNcUdUkdDLCdBD-RjULbeng1 aenghrus a515.9223bVOC 19651 aVolkovyskiĭ, L. I.q(Lev Izrailevich)12aA collection of problems on complex analysis /cby L.I. Volkolvyskiǐ, G.L. Lunts and I.G. Aramanovich. Translated by J. Berry. Translation edited by T. Kovari. a[1st English ed.] aNew York :bPergamon Press; [U.S.A. ed. distributed by Addison-Wesley Pub. Co.,c1965 ax, 428 p. :bill. ;c22 cm. 0aFunctions of complex variablesxProblems, exercises, etc.1 aLunt︠s︡, G. L.q(Grigoriĭ Lʹvovich)ejoint author.1 aAramanovich, I. G.q(Isaak Genrikhovich)ejoint author. aInternational series of monographs in pure and applied mathematics,vv. 68